000
00294nam a22001337a 4500
008
180312b xxu||||| |||| 00| 0 eng d
020
_a
619376027957
041
_a
eng
080
_a
030
100
_a
40
101
_a
REF
245
_a
Guinness world records 2005
_c
Dimery,R
942
_2
udc
_c
BK
999
_c
44663
_d
44663